| 000 | 00626nam a2200217 a 4500 | ||
|---|---|---|---|
| 005 | 20231017063833.0 | ||
| 008 | 170210s2012 mx r 000 0 spa d | ||
| 020 | _a9786071708854 | ||
| 035 | _aUPN01000215931 | ||
| 049 | _aCG | ||
| 050 | 4 |
_aTS156 _bP3.2 2012 |
|
| 100 | 1 |
_aPalacios Blanco, José Luis _940670 |
|
| 245 | 1 | 0 |
_aAdministración de la calidad / _cJosé Luis Palacios Blanco. |
| 250 | _a2a ed. | ||
| 260 |
_aMéxico : _bTrillas, _cc2012. |
||
| 300 |
_a215 p. : _bil., tablas |
||
| 650 | 4 |
_aControl de calidad _910920 |
|
| 650 | 4 |
_aNegocios _xAdministración _98730 |
|
| 905 | _aLibro | ||
| 999 |
_c188031 _d188031 |
||